MARC details
| 000 -CABECERA |
| campo de control de longitud fija |
03177cas a22006137a 4500 |
| 003 - IDENTIFICADOR DEL NÚMERO DE CONTROL |
| campo de control |
CHAP |
| 005 - FECHA Y HORA DE LA ÚLTIMA TRANSACCIÓN |
| campo de control |
20220329143424.0 |
| 008 - DATOS DE LONGITUD FIJA--INFORMACIÓN GENERAL |
| campo de control de longitud fija |
001017 us mr p rnn 0 b1Eng d |
| 010 ## - NÚMERO DE CONTROL DE LA BIBLIOTECA DEL CONGRESO |
| Número de control de LC |
96344 |
| 011 ## - ENLACE DEL NUMERO DE CONTROL DE LA BIBLIOTECA DEL CONGRESO [OBSOLETO] |
| Número de control de LC |
97316 |
| 022 ## - NÚMERO INTERNACIONAL NORMALIZADO PARA PUBLICACIONES SERIADAS |
| Número Internacional Normalizado para Publicaciones Seriadas |
0894-0282 |
| 035 ## - NÚMERO DE CONTROL DEL SISTEMA |
| Número de control de sistema |
107980 |
| 040 ## - FUENTE DE LA CATALOGACIÓN |
| Centro/agencia transcriptor |
CHAP |
| 245 0# - MENCIÓN DE TÍTULO |
| Título |
Molecular Plant-Microbe Interactons |
| 246 ## - FORMA VARIANTE DE TÍTULO |
| Título propio/Titulo breve |
MPMI |
| 260 0# - PUBLICACIÓN, DISTRIBUCIÓN, ETC. |
| Lugar de publicación, distribución, etc. |
St. Paul, MN: |
| Nombre del editor, distribuidor, etc. |
APS Press |
| Fecha de publicación, distribución, etc. |
1987? |
| 300 ## - DESCRIPCIÓN FÍSICA |
| Extensión |
v. |
| Otras características físicas |
lus |
| 310 ## - PERIODICIDAD ACTUAL |
| Periodicidad actual |
Mensual |
| 362 ## - FECHAS DE PUBLICACIÓN Y/O DESIGNACIÓN SECUENCIAL |
| Fecha de publicación y/o designación secuencial |
v.22n.5,2009 |
| 590 ## - NOTA LOCAL (RLIN) |
| Nota local |
BATCH-UPD |
| Procedencia (VM) [OBSOLETO] |
10 |
| Condición del los carretes individuales (VM) [OBSOLETO] |
20130110 |
| -- |
UCH01 |
| -- |
0717 |
| 590 ## - NOTA LOCAL (RLIN) |
| Nota local |
BATCH-UPD |
| Procedencia (VM) [OBSOLETO] |
10 |
| Condición del los carretes individuales (VM) [OBSOLETO] |
20130410 |
| -- |
UCH01 |
| -- |
0402 |
| 590 ## - NOTA LOCAL (RLIN) |
| Nota local |
BATCH-UPD |
| Procedencia (VM) [OBSOLETO] |
10 |
| Condición del los carretes individuales (VM) [OBSOLETO] |
20130914 |
| -- |
UCH01 |
| -- |
0630 |
| 590 ## - NOTA LOCAL (RLIN) |
| Nota local |
CONVERSION |
| Procedencia (VM) [OBSOLETO] |
10 |
| Condición del los carretes individuales (VM) [OBSOLETO] |
20130109 |
| -- |
UCH01 |
| -- |
1353 |
| 650 04 - PUNTO DE ACCESO ADICIONAL DE MATERIA--TÉRMINO DE MATERIA |
| Término de materia o nombre geográfico como elemento de entrada |
Biofísica |
| Subdivisión general |
Publicaciones periódicas. |
| 9 (RLIN) |
12739 |
| 650 04 - PUNTO DE ACCESO ADICIONAL DE MATERIA--TÉRMINO DE MATERIA |
| Término de materia o nombre geográfico como elemento de entrada |
Genética molecular. |
| 9 (RLIN) |
47496 |
| 852 #2 - LOCALIZACIÓN |
| -- |
ISSUE |
| Anterior ubicación en estantería |
2012-12-17 |
| -- |
03 |
| 852 #2 - LOCALIZACIÓN |
| -- |
ISSUE |
| Anterior ubicación en estantería |
2012-12-17 |
| -- |
03 |
| 852 #2 - LOCALIZACIÓN |
| -- |
ISSUE |
| Anterior ubicación en estantería |
2012-12-17 |
| -- |
03 |
| 852 #2 - LOCALIZACIÓN |
| -- |
ISSUE |
| Anterior ubicación en estantería |
2012-12-17 |
| -- |
03 |
| 852 #2 - LOCALIZACIÓN |
| -- |
ISSUE |
| Anterior ubicación en estantería |
2012-12-17 |
| -- |
03 |
| 852 #2 - LOCALIZACIÓN |
| -- |
ISSUE |
| Anterior ubicación en estantería |
2012-12-17 |
| -- |
03 |
| 852 #2 - LOCALIZACIÓN |
| -- |
ISSUE |
| Anterior ubicación en estantería |
2012-12-17 |
| -- |
03 |
| 852 #2 - LOCALIZACIÓN |
| -- |
ISSUE |
| Anterior ubicación en estantería |
2012-12-17 |
| -- |
03 |
| 852 #2 - LOCALIZACIÓN |
| -- |
ISSUE |
| Anterior ubicación en estantería |
2012-12-17 |
| -- |
03 |
| 852 #2 - LOCALIZACIÓN |
| -- |
ISSUE |
| Anterior ubicación en estantería |
2012-12-17 |
| -- |
03 |
| 852 #2 - LOCALIZACIÓN |
| -- |
ISSUE |
| Anterior ubicación en estantería |
2012-12-17 |
| -- |
03 |
| 852 #2 - LOCALIZACIÓN |
| -- |
ISSUE |
| Anterior ubicación en estantería |
2012-12-17 |
| -- |
03 |
| 866 ## - MENCIÓN TEXTUAL DE FONDOS--UNIDAD BIBLIOGRÁFICA BÁSICA |
| Cadena textual |
v. 22 n. 1 (January 2009) - v. 22 n. 12 (December 2009) |
| 901 ## - ELEMENTOS DE DATOS A LOCAL LDA (RLIN) |
| a |
SE |
| 905 ## - ELEMENTOS DE DATOS E LOCAL, LDE (RLIN) |
| a |
Araceli Hernández Gómez. |
| 942 ## - ELEMENTOS DE PUNTO DE ACCESO ADICIONAL (KOHA) |
| Tipo de ítem Koha |
Publicaciones seriadas |
| 949 ## - PROCESAMIENTO DE INFORMACIÓN LOCAL (OCLC) |
| b |
BC |
| c |
PS |
| d |
202915 |
| e |
PS |
| f |
v. 22 n. 5 ( May 2009) |
| i |
107980 |
| j |
22 |
| s |
n |
| 949 ## - PROCESAMIENTO DE INFORMACIÓN LOCAL (OCLC) |
| b |
BC |
| c |
PS |
| d |
203511 |
| e |
PS |
| f |
v. 22 n. 2 ( February 2009) |
| i |
107980 |
| j |
22 |
| s |
n |
| 949 ## - PROCESAMIENTO DE INFORMACIÓN LOCAL (OCLC) |
| b |
BC |
| c |
PS |
| d |
203512 |
| e |
PS |
| f |
v. 22 n. 3 ( March 2009) |
| i |
107980 |
| j |
22 |
| s |
n |
| 949 ## - PROCESAMIENTO DE INFORMACIÓN LOCAL (OCLC) |
| b |
BC |
| c |
PS |
| d |
203513 |
| e |
PS |
| f |
v. 22 n. 4 ( April 2009) |
| i |
107980 |
| j |
22 |
| s |
n |
| 949 ## - PROCESAMIENTO DE INFORMACIÓN LOCAL (OCLC) |
| b |
BC |
| c |
PS |
| d |
203514 |
| e |
PS |
| f |
v. 22 n. 6 ( June 2009) |
| i |
107980 |
| j |
22 |
| s |
n |
| 949 ## - PROCESAMIENTO DE INFORMACIÓN LOCAL (OCLC) |
| b |
BC |
| c |
PS |
| d |
203515 |
| e |
PS |
| f |
v. 22 n. 7 ( July 2009) |
| i |
107980 |
| j |
22 |
| s |
n |
| 949 ## - PROCESAMIENTO DE INFORMACIÓN LOCAL (OCLC) |
| b |
BC |
| c |
PS |
| d |
203516 |
| e |
PS |
| f |
v. 22 n. 8 ( August 2009) |
| i |
107980 |
| j |
22 |
| s |
n |
| 949 ## - PROCESAMIENTO DE INFORMACIÓN LOCAL (OCLC) |
| b |
BC |
| c |
PS |
| d |
203603 |
| e |
PS |
| f |
v. 22 n. 1 ( January 2009) |
| i |
107980 |
| j |
22 |
| s |
n |
| 949 ## - PROCESAMIENTO DE INFORMACIÓN LOCAL (OCLC) |
| b |
BC |
| c |
PS |
| d |
204034 |
| e |
PS |
| f |
v. 22 n. 9 ( September 2009) |
| i |
107980 |
| j |
22 |
| s |
n |
| 949 ## - PROCESAMIENTO DE INFORMACIÓN LOCAL (OCLC) |
| b |
BC |
| c |
PS |
| d |
204035 |
| e |
PS |
| f |
v. 22 n. 10 ( October 2009) |
| i |
107980 |
| j |
22 |
| s |
n |
| 949 ## - PROCESAMIENTO DE INFORMACIÓN LOCAL (OCLC) |
| b |
BC |
| c |
PS |
| d |
204539 |
| e |
PS |
| f |
v. 22 n. 11 ( November 2009) |
| i |
107980 |
| j |
22 |
| s |
n |
| 949 ## - PROCESAMIENTO DE INFORMACIÓN LOCAL (OCLC) |
| b |
BC |
| c |
PS |
| d |
205008 |
| e |
PS |
| f |
v. 22 n. 12 ( December 2009) |
| i |
107980 |
| j |
22 |
| s |
n |